| 000 | 01247naa a22003377a 4500 | ||
|---|---|---|---|
| 001 | BR7908176 | ||
| 003 | BR-BrBNA | ||
| 005 | 20240918174525.0 | ||
| 007 | ta | ||
| 008 | 230509b bl.||||| |||| 00| 0 por d | ||
| 040 |
_aBR-BrBNA _bpor _cBiblioteca Nacional de Agricultura |
||
| 041 | _a(Pt) | ||
| 072 |
_aF00 _b0170 _b1940 _bG514 |
||
| 090 | _aF00 BR7908176 | ||
| 100 | 1 | _aCarmo, C.M. do | |
| 100 | 1 | _aPinto, C.A. de S. | |
| 245 | 1 | _aEnsaio Nacional de sorgo granifero, Sorghum bicolor (L.)Moench, em dois (02)municipios do Estado do Ceara [Pentecoste, Quixada, Brasil] | |
| 260 | 3 |
_aFortaleza, CE (Brasil): _c1979. |
|
| 500 | _aConvenio BNB/FCPC/UFC/EPACE. Programa de pesquisa com a cultura do sorgo. Relatorio de pesquisa 1979 Fortaleza, CE (Brasil): 1979. p. 1-5 (BR7908176-AM)F00 | ||
| 650 | _aSORGO GRANIFERO | ||
| 650 | _aSOLO | ||
| 650 | _aESPACAMENTO | ||
| 650 | _aFERTILIZANTE NITROGENADO | ||
| 650 | _aHIBRIDO | ||
| 650 | _aPENTECOSTE | ||
| 650 | _aQUIXADA | ||
| 650 | _aCEARA | ||
| 773 | 0 |
_tConvenio BNB/FCPC/UFC/EPACE. Programa de pesquisa com a cultura do sorgo. Relatorio de pesquisa 1979 _wF00 BR7908176 _gFortaleza, CE (Brasil), 1979. p. 1-5 |
|
| 909 |
_a202404 _bLucia _c55 _dLucia Elande |
||
| 942 |
_cAM _2AGRIS |
||
| 999 |
_c311764 _d311764 |
||